UBT Library

MEASURING THE BUSINESS VALUE OF LOGISTICS (Record no. 59480)

000 -LEADER
fixed length control field 00337nam a22001457a 4500
008 - FIXED-LENGTH DATA ELEMENTS--GENERAL INFORMATION
fixed length control field 230329b ||||| |||| 00| 0 eng d
020 ## - INTERNATIONAL STANDARD BOOK NUMBER
International Standard Book Number 9780965865319
041 ## - LANGUAGE CODE
Language code of text/sound track or separate title eng
080 ## - UNIVERSAL DECIMAL CLASSIFICATION NUMBER
Universal Decimal Classification number 33
082 ## - DEWEY DECIMAL CLASSIFICATION NUMBER
Classification number 33KEE
100 ## - Rafti
Rafti 24
101 ## - Shkurtesa
Shkurtesa BIZNES
245 ## - TITLE STATEMENT
Title MEASURING THE BUSINESS VALUE OF LOGISTICS
Statement of responsibility, etc KEEBLER.S.J
942 ## - ADDED ENTRY ELEMENTS (KOHA)
Source of classification or shelving scheme
Item type Books
Holdings
Withdrawn status Lost status Source of classification or shelving scheme Damaged status Not for loan Collection code Permanent location Current location Date acquired Total Checkouts Full call number Barcode Date last seen Price effective from Koha item type
          Koleksioni i përgjithshem UBT - Lipjan UBT - Lipjan 03/29/2023   33KEE 002-80004012 03/29/2023 03/29/2023 Books
UBT Library © 2015-2024. All rights reserved University Education for Business and Technology